000 00378nam a2200145Ia 4500
008 230917s9999||||xx |||||||||||||| ||und||
040 _e142515
_aMAIN
041 _aEnglish
082 _a331.10942 M436I
100 _aMattoo, A.R.
245 0 _aIndustrial Relations in Public Sector Undertakings
260 _aBarelily
_bV K Publishing
_c1989
300 _a195 p.
942 _cBK
999 _c62882
_d62882